Insurance for commercial property managers (Record no. 111618)

MARC details
000 -LEADER
fixed length control field 01431cad a22002655a 4500
001 - CONTROL NUMBER
control field L151783
005 - DATE AND TIME OF LATEST TRANSACTION
control field 20240827161209.0
008 - FIXED-LENGTH DATA ELEMENTS--GENERAL INFORMATION
fixed length control field 101210s2010 xxk f 000 0 eng d
020 ## - INTERNATIONAL STANDARD BOOK NUMBER
International Standard Book Number 9781842196335
035 ## - SYSTEM CONTROL NUMBER
System control number (Sirsi) u151783
041 0# - LANGUAGE CODE
Language code of text/sound track or separate title eng
050 04 - LIBRARY OF CONGRESS CALL NUMBER
Classification number 346.4104343 $2 18
110 2# - MAIN ENTRY--CORPORATE NAME
Corporate name or jurisdiction name as entry element Royal Institution of Chartered Surveyors
9 (RLIN) 4900
245 00 - TITLE STATEMENT
Title Insurance for commercial property managers
Medium [archived]
260 ## - PUBLICATION, DISTRIBUTION, ETC.
Place of publication, distribution, etc. Coventry
Name of publisher, distributor, etc. RICS
Date of publication, distribution, etc. 2010
300 ## - PHYSICAL DESCRIPTION
Extent viii, 68p.
Dimensions 30cm.
490 #0 - SERIES STATEMENT
Series statement RICS Guidance Note
Volume/sequential designation GN 62/2010
520 ## - SUMMARY, ETC.
Summary, etc. This guidance note is designed to outline best practice for property professionals dealing with insurances for commercial property owners.
520 ## - SUMMARY, ETC.
Summary, etc. This document has been archived and is available on isurv for information purposes only. This guidance note was designed to outline best practice for property professionals dealing with insurances for commercial property owners. Since this guidance was published, the former FSA has become two separate regulatory authorities, the FCA and the PRA. There are no plans for a replacement document specifically for insurance of commercial property.
590 ## - LOCAL NOTE (RLIN)
Local note KA
651 #4 - SUBJECT ADDED ENTRY--GEOGRAPHIC NAME
Geographic name United Kingdom
690 ## - LOCAL SUBJECT ADDED ENTRY--TOPICAL TERM (OCLC, RLIN)
Topical term or geographic name as entry element MANAGEMENT-BUSINESS MANAGEMENT-INSURANCE
856 41 - ELECTRONIC LOCATION AND ACCESS
Uniform Resource Identifier <a href="https://www.isurv.com/downloads/download/1266/insurance_for_commercial_property_managers_archived">https://www.isurv.com/downloads/download/1266/insurance_for_commercial_property_managers_archived</a>
Public note Archived on isurv (subscription required)
942 ## - ADDED ENTRY ELEMENTS (KOHA)
Suppress in OPAC 0
Source of classification or shelving scheme Dewey Decimal Classification
Holdings
Withdrawn status Lost status Source of classification or shelving scheme Damaged status Not for loan Home library Current library Shelving location Date acquired Total Checkouts Full call number Barcode Date last seen Copy number Uniform Resource Identifier Price effective from Koha item type
    Dewey Decimal Classification     London London RICS Boxes 14/02/2011   RICS 2010/22 30075695 06/08/2019 1   06/08/2019 Archive
    Dewey Decimal Classification     London London Folio 02/04/2014   RICS 2010/22 30076594 06/08/2019 1   06/08/2019 Book
    Dewey Decimal Classification     London London Books 02/04/2014   RICS 2010/22 30075503 06/08/2019 2   06/08/2019 Book
    Dewey Decimal Classification     Virtual Virtual Online 17/01/2011   isurv 151783-2001 16/05/2023 1 https://www.isurv.com/downloads/download/1266/insurance_for_commercial_property_managers_archived 06/08/2019 Online material